Państwa kończące się na "-an" lecz nie na "-stan" - Statystyki

Ogólne statystyki
  • Ten quiz został rozwiązany 8 363 razy
  • Średni wynik to 4 z 8
Statystyki odpowiedzi
Państwo % Poprawnych
Oman
57%
Iran
56%
Bhutan
54%
Liban
54%
Azerbejdżan
50%
Sudan
44%
Tajwan
41%
Watykan
37%
Nie znaleziono quizów pasujących do podanych kryteriów
Rozkład punktacji
Procent ludzi z każdym wynikiem
Percentyl według liczby udzielonych odpowiedzi
Twoja historia wyników
Nie rozwiązałeś tego quizu